00588nam a2200193Ia 450000500170000000800410001702000200005804000190007804100120009708200150010910000220012424501090014626000420025530000160029750400190031365000180033265100340035085000100038420230610095709.0131103s9999 xx 000 0 und d aSBN 7100-6168-4 aLoreto College aEnglish a808.2bBRE aBrereton, Geofrey aPrinciples of tragedyb a rational examination of the concept in life and literature cGeoffrey Brereton aLondon bRoutledge & Kegan Paulc1968 aix, 284 p.  aIncludes index aLiterature -  aRhetoric -Drama - Tragedy -  aLCLIB